Complete public law : (Record no. 26968)
[ view plain ]
| 000 -LEADER | |
|---|---|
| fixed length control field | 01236cam a22003135a 4500 |
| 001 - CONTROL NUMBER | |
| control field | 20388947 |
| 005 - DATE AND TIME OF LATEST TRANSACTION | |
| control field | 20181112122310.0 |
| 008 - FIXED-LENGTH DATA ELEMENTS--GENERAL INFORMATION | |
| fixed length control field | 180307s2018 enk frb 001 0 eng d |
| 010 ## - LIBRARY OF CONGRESS CONTROL NUMBER | |
| LC control number | 2018937153 |
| 020 ## - INTERNATIONAL STANDARD BOOK NUMBER | |
| International Standard Book Number | 9780198798064 (pbk.) |
| 040 ## - CATALOGING SOURCE | |
| Original cataloging agency | DLC |
| Language of cataloging | eng |
| Transcribing agency | DLC |
| Modifying agency | EG-ScBUE |
| 043 ## - GEOGRAPHIC AREA CODE | |
| Geographic area code | e-uk--- |
| 082 04 - DEWEY DECIMAL CLASSIFICATION NUMBER | |
| Classification number | 342.41 |
| Item number | WEB |
| Edition number | 22 |
| 100 1# - MAIN ENTRY--PERSONAL NAME | |
| Personal name | Webley, Lisa. |
| 9 (RLIN) | 41914 |
| 245 10 - TITLE STATEMENT | |
| Title | Complete public law : |
| Remainder of title | text, cases, and materials / |
| Statement of responsibility, etc | Lisa Webley, Harriet Samuels. |
| 246 30 - VARYING FORM OF TITLE | |
| Title proper/short title | Public law : text, cases, and materials |
| 250 ## - EDITION STATEMENT | |
| Edition statement | 4th ed. |
| 260 ## - PUBLICATION, DISTRIBUTION, ETC. (IMPRINT) | |
| Place of publication, distribution, etc | OXford : |
| Name of publisher, distributor, etc | Oxford University Press, |
| Date of publication, distribution, etc | 2018. |
| 300 ## - PHYSICAL DESCRIPTION | |
| Extent | xxix, 680 p. ; |
| Dimensions | 24 cm. |
| 504 ## - BIBLIOGRAPHY, ETC. NOTE | |
| Bibliography, etc | Includes bibliographical references and index. |
| 520 ## - SUMMARY, ETC. | |
| Summary, etc | Complete Public Law: Text, Cases, & Materials combines extracts from key primary and secondary materials with exceptionally clear and jargon-free text to provide a complete resource for the student new to the study of constitutional and administrative law. |
| 650 #7 - SUBJECT ADDED ENTRY--TOPICAL TERM | |
| Topical term or geographic name as entry element | Public law |
| Geographic subdivision | Great Britain. |
| Source of heading or term | BUEsh |
| 651 ## - SUBJECT ADDED ENTRY--GEOGRAPHIC NAME | |
| Source of heading or term | BUEsh |
| 653 ## - INDEX TERM--UNCONTROLLED | |
| Resource For college | Law |
| Arrived date list | November2018 |
| 655 ## - INDEX TERM--GENRE/FORM | |
| Form subdivision | Reading book |
| 700 1# - ADDED ENTRY--PERSONAL NAME | |
| Personal name | Samuels, Harriet. |
| 9 (RLIN) | 41915 |
| 856 40 - ELECTRONIC LOCATION AND ACCESS | |
| Materials specified | Online resources |
| Uniform Resource Identifier | <a href="www.oup.com/uk/webley_samuelse4e/">www.oup.com/uk/webley_samuelse4e/</a> |
| 942 ## - ADDED ENTRY ELEMENTS (KOHA) | |
| Source of classification or shelving scheme | Dewey Decimal Classification |
| Withdrawn status | Item status | Source of classification or shelving scheme | Damaged status | Not for loan | Vendor | Home library | Current library | Shelving location | Date acquired | Source of acquisition | Cost, normal purchase price | Total Checkouts | Full call number | Barcode | Date last seen | Cost, replacement price | Koha item type | Total Renewals | Date last borrowed |
|---|---|---|---|---|---|---|---|---|---|---|---|---|---|---|---|---|---|---|---|
| Dewey Decimal Classification | Baccah | Central Library | Central Library | First floor | 12/11/2018 | Purchase | 750.00 | 342.41 WEB | 000043849 | 15/07/2025 | 940.00 | NB - Book (Non borrowing) | |||||||
| Dewey Decimal Classification | Baccah | Central Library | Central Library | First floor | 12/11/2018 | Purchase | 750.00 | 8 | 342.41 WEB | 000043850 | 21/12/2025 | 940.00 | Book - Borrowing | 15 | 26/11/2025 | ||||
| Dewey Decimal Classification | Baccah | Central Library | Central Library | First floor | 12/11/2018 | Purchase | 750.00 | 11 | 342.41 WEB | 000043851 | 15/01/2026 | 940.00 | Book - Borrowing | 21 | 18/12/2025 |